000 00598nam a22002177a 4500
003 UA-OsUOA
001 36532
007 ta
008 20061002b un ||||| |||| 00| 0 ukr d
090 _a017
_bД37
942 _cBK
040 _aUA-OsUOA
_bukr
_cUA-OsUOA
_dUA-OsUOA
245 _aДесятий форум видавців у Львові.
_bКаталог учасників.
300 _a284 с.
955 _a1
041 _aukr
080 _a017
260 _aЛьвів
_c2003
650 7 _a01 Бібліографія і бібліографії. Каталоги
_2UDC
999 _c435060
_d435060